000 00650nam a22001937a 4500
005 20230710162056.0
008 230710b ||||| |||| 00| 0 eng d
040 _cAL
041 _amal
082 _223
_a894.8128
_bAJAM
100 _aAjayakumar: അജയകുമാർ
_9126344
245 _aMatam Samskaram Vargeeyatha:
_bമഠം സംസ്കാരം വർഗീയത
260 _aThiruvananthapuram
_bChinta Publishers
_c2003
300 _a88p.
_bPB
_c21x13cm.
365 _2Malayalam
_b43.00
_c
_d43.00
650 _aMalayalam Miscellaneous
_9126345
700 _aAJAYAKUMAR: അജയകുമാർ
_9126346
942 _2ddc
_cDB
999 _c227795
_d227795